000 02399cam a22005054i 4500
003 PE-LiUPU
005 20250731184511.0
008 150617s1966 pe r 000 0 spa d
035 _a(Sirsi) a16384
040 _aPE-LiUPU
_bspa
_cPE-LiUPU
_dPE-LiUPU
_erda
049 _aPRUA
082 0 4 _a985.001
_bR616e
_221
100 _aRiva-Agüero y Osma, José de la,
_d1885-1944.
_eautor
_92249
245 1 0 _aEstudios de historia peruana :
_blas civilizaciones primitivas y el imperio incaico /
_cJosé de la Riva-Agüero ; introducción de Raúl Porras Barrenechea ; recopilación y notas de César Pacheco Vélez.
264 1 _aLima :
_bPontificia Universidad Católica del Perú,
_c1966.
300 _a437 páginas ;
_c24 centímetros.
336 _atext
_2rdacontent
337 _aunmediated
_2rdamedia
338 _avolume
_2rdacarrier
490 0 _a(Obras completas de José de la Riva-Agüero ;
_v5)
490 0 _a(Publicaciones del Instituto Riva-Agüero ;
_v52)
505 0 _aInfluencia de las instituciones incaicas en la civilización del Perú -- Sobre el monumento de Manco Capac -- Cabezas humana momificadas en el antiguo arte peruano -- El Perú histórico y artístico, primera parte: encomio del pueblo quechua -- Raza y lengua probables de la civilización del Tiahuanaco -- El imperio incaico -- Civilización tradicional peruana. Época prehispánica -- Sobre las normas de los incas -- Las lenguas indígenas y el castellano en el Perú -- Rectificación necesaria: Profesión de peruanismo integral.
526 _aP136
526 _aP135
526 _aP134
526 _aP133
526 _aP144
526 _aP143
526 _aP87
526 _aP35
526 _aP20
526 _aP14
526 _aP10
526 _aP06
600 1 8 _aRiva-Agüero y Osma, José de la,
_d1885-1944.
_92249
_2embne
650 1 8 _aPerú
_xIncas
_yÉpoca Prehispánica.
_2embne
_92267
700 _aPorras Barrenechea, Raúl,
_d1897-1960
_92264
700 _aPacheco Vélez, César,
_d1929-1989.
_92252
710 _aPontificia Universidad Católica del Perú.
_92255
910 _ajck
942 _2ddc
_cBK
949 _a868 D34
_wDEWEY
_c1
_i08292
_lCCODEBUL1
_mBUL
_p18
_r0
_sY
_tBOOK
_u2015-04-21
_xBIBLIOTECA
_zUNKNOWN
_0COMPRA
_o.STAFF. Colección Ciencias Humanas y Educación
980 _81
_gALBERTO SANCHEZ Responsable de Automatización
999 _c12697
_d12697